| 000 | 00674cam a2200241 a 4500 | ||
|---|---|---|---|
| 001 | 000017371 | ||
| 005 | 20200929165108.0 | ||
| 008 | 921209s1994 ag 000 f spa d | ||
| 020 | _a950742136X | ||
| 035 | _a(DLC) 92247658 | ||
| 040 |
_aDO-SdBNP _cDLC |
||
| 082 |
_aA863.44 _bA283g, 1994 |
||
| 100 | 1 |
_aAguinis, Marcos, _d1935- _938033 |
|
| 245 | 1 | 3 |
_aLa gesta del marrano / _cMarcos Aguinis. |
| 250 | _a8a ed. | ||
| 260 |
_aBuenos Aires, Argentina : _bPlaneta, _c1994. |
||
| 300 |
_a446 p. ; _c21 cm. |
||
| 650 | 4 |
_aNovela argentina _93941 |
|
| 650 | 4 |
_aLiteratura argentina _ySIGLO XX _914711 |
|
| 910 | _aCatalogación derivada | ||
| 910 | _aWM | ||
| 049 | _aBNGR | ||
| 999 |
_c16896 _d16896 |
||